| 000 | 01977cam a2200445 a 4500 | ||
|---|---|---|---|
| 999 |
_c529870 _d529870 |
||
| 001 | 13973715 | ||
| 003 | NUST | ||
| 005 | 20191004103825.0 | ||
| 008 | 050518s2005 dcudk b f000 0 eng d | ||
| 010 | _a 2005927779 | ||
| 020 | _a0309097533 (pbk.) | ||
| 020 | _a9780309097536 | ||
| 035 | _a(OCoLC)ocm62218090 | ||
| 038 | _aMSOHAIL | ||
| 040 |
_aTRL _cTRL _dDAY _dTDG _dOCLCQ _dDLC |
||
| 042 | _alccopycat | ||
| 043 | _an-us--- | ||
| 050 | 0 | 0 |
_aHE206.2 _b.W37 2005 |
| 082 | _a0 | ||
| 100 | 1 |
_aWarne, Thomas R. _922522 |
|
| 245 | 1 | 0 |
_aDeveloping transportation agency leaders / _cconsultant, Thomas R. Warne. |
| 260 |
_aWashington, D.C. : _bTransportation Research Board, National Research Council, _c2005. |
||
| 300 |
_a51 p. : _bcharts, forms ; _c28 cm. |
||
| 490 | 1 |
_aNCHRP synthesis, _x0547-5570 ; _v349 |
|
| 500 | _a"Research sponsored by the American Association of State Highway and Transportation Officials in cooperation with the Federal Highway Administration." | ||
| 504 | _aIncludes bibliographical references. | ||
| 530 | _aAlso available online. | ||
| 650 | 0 |
_aTransportation agencies _zUnited States _xStates _xPersonnel management. _922849 |
|
| 650 | 0 |
_aTransportation agencies _zUnited States _xStates _xManagement. _922850 |
|
| 650 | 0 |
_aTransport workers _zUnited States _xStates. _922851 |
|
| 710 | 2 |
_aNational Cooperative Highway Research Program. _920864 |
|
| 710 | 2 |
_aNational Research Council (U.S.). _bTransportation Research Board. _922852 |
|
| 710 | 2 |
_aAmerican Association of State Highway and Transportation Officials. _919553 |
|
| 710 | 1 |
_aUnited States. _bFederal Highway Administration. _920149 |
|
| 830 | 0 |
_aSynthesis of highway practice ; _v349. _922853 |
|
| 856 | 4 | 1 | _uhttp://trb.org/publications/nchrp/nchrp%5fsyn%5f349.pdf |
| 906 |
_a7 _bcbc _ccopycat _d2 _eepcn _f20 _gy-gencatlg |
||
| 942 |
_2ddc _cBK |
||